000 00330cam a2200133ua 4500
003 OSt
008 250108b |||||||| |||| 00| 0 eng d
082 _a621.3841
_bUNI/AM
245 _aAmplifier builders and transformers guide /
250 _a1 /
260 _aIndia :
_bUniversal Books ,
_c1985.
300 _a176 ; .
942 _cBK
999 _c108
_d108